| 000 | 00826cab a22001935a 4500 | ||
|---|---|---|---|
| 001 | L140818 | ||
| 008 | 071012e20070919xxk f 000 0 eng d | ||
| 035 | _a(Sirsi) u140818 | ||
| 041 | 0 | _aeng | |
| 100 | 1 | _aBlake, David | |
| 245 | 0 | 0 | _aDealing with delay claims |
| 260 | _c2007 | ||
| 490 |
_aContract Journal _v440(6643) 19 September 2007, 48(1) |
||
| 520 | _aExamines revisions in the JCT Standard Building Sub Contract (2005). Subcontractors now need to provide much more detail of all their claims. Previously they had been able to simply provide a gross figure. Also considers extension of time claims, late performance or failure to perform by the subcontractor. | ||
| 590 | _aKA | ||
| 651 | 4 |
_aUnited Kingdom _y |
|
| 690 | _aBUILT ENVIRONMENT-CONSTRUCTION MANAGEMENT-BUILDING CONTRACT ADMINISTRATION | ||
| 942 | _n0 | ||
| 999 |
_c79357 _d79357 |
||